000
00315nam a22001337a 4500
003
SGT
082
_a
610.73677
_b
M05S
100
_a
SALINS, ONITA
245
_a
MEDICAL SURGICAL NURSING SPECIALTIES
260
_a
INDIA
_b
JAYPEE
_c
2005
300
_a
266
650
_a
MEDICAL SURGICAL NURSING
942
_2
ddc
_c
BK
_0
3
999
_c
15111
_d
15111